| 000 | 00352nam a22001457a 4500 | ||
|---|---|---|---|
| 003 | OSt | ||
| 005 | 20160727222354.0 | ||
| 008 | 160622b xxu||||| |||| 00| 0 eng d | ||
| 040 | _cTEST | ||
| 100 |
_9469 _aPollock, J, |
||
| 245 | _aThe Cambridge Seven | ||
| 260 |
_aLON _b Inter Versity Fellowship _c1966 |
||
| 300 | _aThe Cambridge Seven | ||
| 942 |
_2ddc _cBK |
||
| 999 |
_c388 _d388 |
||